La Haute-Saône en images - Statistiques

Statistiques générales
  • Ce quiz a été pris 125 fois
  • Le résultat moyen est 6 sur 18
Statistiques - réponses
Par images Hint Réponse % Correct
Préfecture Vesoul
97%
Chanteur associé à celle-ci Jacques Brel
91%
Sous-Préfecture Lure
64%
Ville thermale Luxeuil-les-Bains
62%
Classique du Tour de France La Planche des Belles Filles
46%
Alcool de cerise AOC Kirsch de Fougerolles
42%
Ville Gray
41%
Monument Unesco Chapelle Notre-Dame du Haut
37%
Zone géographique Mille étangs
29%
Tradition culinaire Cochons de la Sainte-Catherine
26%
Château/Musée Château de Champlitte
23%
Plus beau village de France* Pesmes
23%
Carnaval Carnaval de Rioz
20%
Personnalité (à gauche) Jules Rimet
12%
Un de ses personnages Le sapeur Camember
11%
Musée/atelier Verrerie de Passavant-la-Rochère
10%
Auteur de BD Christophe
6%
Festival Festival International des Cinémas d'Asie de Vesoul
4%
Aucun quiz correspondant
Distribution des résultats
% des personnes avec chaque résultat
Percentile par nombre de réponses
Votre historique - résultats
Vous n’avez pas pris ce quiz